000 00623nam a22002177a 4500
003 UA-OsUOA
001 71957
007 ta
008 20101214b un ||||| |||| 00| 0 ukr d
100 _aБобиль В.
090 _a330(477)
_bБ72
942 _cSA
040 _aUA-OsUOA
_bukr
_cUA-OsUOA
_dUA-OsUOA
245 _aРозвиток сучасної банківської системи України
300 _aС.44-50
955 _a0
041 _aukr
080 _a330(477)
773 0 _w71955
_tУкраїна: аспекти праці
_dК.
_d2010
_g7
650 7 _a330 Економіка взагалі
_2UDC
999 _c358156
_d358156